000 00669nam a2200289Ia 4500
005 20260324144030.0
008 008 260324s9999 xx 000 0 eng d
020 _a9780203392669
037 _aEBOOK
040 _aCRL
040 _beng
040 _cCRL
041 _2eng
041 _aeng
084 _qCRL
100 _aVictor J. Seidler
245 0 _aRediscovering Masculinity
245 0 _bReason, Language and Sexuality
260 _bTaylor and Francis
260 _c1989
365 _a
365 _b300
856 _uhttp://www.taylorfrancis.com/books/9780203392669
942 _cEBOOK
999 _c1823943
_d1823943